History Quiz

Random History or City Quiz

Multiple Olympic Cities Quiz Stats

 Plays Quiz Updated Nov 1, 2018

Score 0/7 Timer 02:00
4 Plays Today
Times Hosted City % Correct
2Athens, Greece
92.3%
3London, United Kingdom
86.1%
2Paris, France
76.4%
2Los Angeles, United States
72.3%
2Lake Placid, United States
46.7%
2Innsbruck, Austria
23.9%
2St. Moritz, Switzerland
18.6%

You're not logged in!

Compare scores with friends on all Sporcle quizzes.
OR
Log In

Sporcle TV

Today on Sporcle TV


Watch our educational content, quiz creation guides, and fun videos on Sporcle TV.

Show Comments

Extras

Top Quizzes Today


Score Distribution

Your Account Isn't Verified!

In order to create a playlist on Sporcle, you need to verify the email address you used during registration. Go to your Sporcle Settings to finish the process.

Report this User

Report this user for behavior that violates our Community Guidelines.

Details: